[Event "DEM U18w"]
[Site "Willingen"]
[Date "2006.06.09"]
[Round "9.11"]
[White "Janiesch, Maike"]
[Black "Schulze, Dorothee"]
[Result "0-1"]
[WhiteElo "1637"]
[BlackElo "1946"]
[PlyCount "84"]
[EventDate "2006.??.??"]
[EventType "swiss"]
[EventRounds "9"]
[EventCountry "GER"]

1. d4 d5 2. c4 e6 3. Nc3 Nf6 4. cxd5 exd5 5. Bg5 Be7 6. Qc2 O-O 7. e3 Re8 8.
Bd3 Nbd7 9. Nge2 c6 10. O-O Nf8 11. Bxf6 Bxf6 12. b4 Re6 13. Nf4 Rd6 14. b5 Bg5
15. Nce2 Rh6 16. bxc6 Bxf4 17. Nxf4 Qh4 18. h3 bxc6 19. Bf5 Qf6 20. Bxc8 Rxc8
21. Nxd5 Qg5 22. Nf4 Ng6 23. Qe4 Nxf4 24. exf4 Qg6 25. Qxg6 Rxg6 26. Rac1 Rd6
27. Rc4 Kf8 28. Rfc1 Ke7 29. d5 Kd7 30. dxc6+ Rcxc6 31. Kf1 Rxc4 32. Rxc4 Ra6
33. a4 Kd6 34. Ke2 Kd5 35. Kd3 Ra5 36. f3 Rc5 37. Rxc5+ Kxc5 38. Kc3 f5 39. Kb3
h5 40. h4 a6 41. Kc3 a5 42. g3 g6 0-1

[Event "DEM U10"]
[Site "Willingen"]
[Date "2006.06.09"]
[Round "11.7"]
[White "Carmesin, Matthias"]
[Black "Rührmund, Daniel"]
[Result "1-0"]
[WhiteElo "1379"]
[BlackElo "1470"]
[PlyCount "57"]
[EventDate "2006.??.??"]
[EventType "swiss"]
[EventRounds "11"]
[EventCountry "GER"]

1. e4 c5 2. Nf3 e6 3. d4 cxd4 4. Nxd4 a6 5. Nc3 Qc7 6. Bd3 Nf6 7. O-O b5 8. Qe2
d6 9. Bd2 Bb7 10. Rae1 Nbd7 11. Kh1 Nc5 12. f4 Be7 13. e5 dxe5 14. fxe5 Nxd3
15. cxd3 Nd5 16. Qg4 Bf8 17. Ne4 h5 18. Qh3 Qb6 19. Ng5 Qxd4 20. Nxf7 Rg8 21.
Qxe6+ Be7 22. Nd6+ Kd8 23. Ba5+ Nb6 24. Bxb6+ Qxb6 25. Nf7+ Ke8 26. Qxb6 Kd7
27. Qxb7+ Ke6 28. Qc6+ Bd6 29. Qxd6# 1-0

[Event "DEM U10"]
[Site "Willingen"]
[Date "2006.06.09"]
[Round "11.15"]
[White "Neef, Maximilian"]
[Black "Haferland, Konstantin"]
[Result "1-0"]
[WhiteElo "1197"]
[BlackElo "1277"]
[PlyCount "165"]
[EventDate "2006.??.??"]
[EventType "swiss"]
[EventRounds "11"]
[EventCountry "GER"]

1. d4 d5 2. c4 e6 3. Nc3 Nf6 4. Bg5 Be7 5. Nf3 Nc6 6. e3 O-O 7. Rc1 Bd7 8. a3
a5 9. Bd3 Re8 10. O-O b6 11. Qc2 g6 12. Bxf6 Bxf6 13. cxd5 Ne7 14. dxe6 Bxe6
15. Ne4 Nd5 16. Nxf6+ Nxf6 17. Qxc7 Rc8 18. Qxd8 Rexd8 19. Ne5 Bd5 20. Bc4 Kg7
21. Bxd5 Nxd5 22. e4 Nf6 23. Rxc8 Rxc8 24. f3 Rc2 25. b4 axb4 26. axb4 Ne8 27.
d5 Nd6 28. h3 b5 29. Nc6 Ra2 30. e5 Ne8 31. d6 Rd2 32. Ra1 Nxd6 33. exd6 Rxd6
34. Rc1 Kf6 35. Rc5 Ke6 36. Na7 Rb6 37. Rxb5 Ra6 38. Nc8 Kd7 39. Nb6+ Kc6 40.
Re5 Rxb6 41. Re7 Rb7 42. Rxb7 Kxb7 43. Kf2 Kc6 44. Ke3 Kb5 45. Ke4 Kxb4 46. Ke5
Kc5 47. Kf6 Kd6 48. Kxf7 Ke5 49. Kg7 Kf4 50. Kxh7 g5 51. Kh6 Kf5 52. Kh5 Kf4
53. h4 gxh4 54. Kxh4 Kf5 55. g4+ Kg6 56. f4 Kf6 57. g5+ Kg6 58. Kg4 Kg7 59. f5
Kf7 60. g6+ Kf6 61. Kh5 Kg7 62. Kg5 Kg8 63. Kh6 Kh8 64. g7+ Kg8 65. f6 Kf7 66.
Kh7 Kxf6 67. g8=Q Ke5 68. Qf7 Kd4 69. Qe6 Kc5 70. Qd7 Kc4 71. Qd6 Kc3 72. Qd5
Kc2 73. Qd4 Kc1 74. Qd3 Kb2 75. Qc4 Ka3 76. Qb5 Ka2 77. Qb4 Ka1 78. Kg6 Ka2 79.
Kf5 Ka1 80. Ke4 Ka2 81. Kd3 Ka1 82. Kc2 Ka2 83. Qb2# 1-0

[Event "DEM U14"]
[Site "Willingen"]
[Date "2006.06.09"]
[Round "9.1"]
[White "Jorczik, Julian"]
[Black "Hirneise, Jens"]
[Result "1-0"]
[WhiteElo "2170"]
[BlackElo "2006"]
[PlyCount "83"]
[EventDate "2006.??.??"]
[EventType "swiss"]
[EventRounds "9"]
[EventCountry "GER"]

1. d4 Nf6 2. c4 g6 3. Nc3 Bg7 4. e4 d6 5. Be2 O-O 6. Bg5 h6 7. Be3 Nbd7 8. Qd2
c5 9. d5 Kh7 10. h3 b5 11. cxb5 a6 12. bxa6 Qa5 13. Nf3 Bxa6 14. Bxa6 Qxa6 15.
Qe2 Qxe2+ 16. Kxe2 Rfb8 17. Rhb1 Ne8 18. Kd3 Nc7 19. Nd2 e6 20. Bf4 Be5 21.
Bxe5 Nxe5+ 22. Kc2 exd5 23. exd5 Nd7 24. Nc4 Nf6 25. Rd1 Ra6 26. Rd2 Re8 27. f3
Nd7 28. a4 Ne5 29. b3 Kg7 30. Re2 Nd7 31. Rxe8 Nxe8 32. Nb5 Nef6 33. Rd1 Nb6
34. Nxb6 Rxb6 35. Kc3 Kf8 36. b4 Nd7 37. Re1 Ra6 38. a5 cxb4+ 39. Kxb4 Nc5 40.
Re3 Nb7 41. Ra3 Nc5 42. Nxd6 1-0

[Event "DEM U14"]
[Site "Willingen"]
[Date "2006.06.09"]
[Round "9.6"]
[White "Kaphle, Stephan"]
[Black "Kachibadze, Georg"]
[Result "1-0"]
[WhiteElo "2020"]
[BlackElo "1976"]
[PlyCount "23"]
[EventDate "2006.??.??"]
[EventType "swiss"]
[EventRounds "9"]
[EventCountry "GER"]

1. e4 e6 2. d4 d5 3. e5 c5 4. c3 Qb6 5. Nf3 Bd7 6. a3 a5 7. Be2 cxd4 8. cxd4
Bb5 9. Qb3 Bb4+ 10. axb4 Bxe2 11. Kxe2 Nc6 12. Qa4 1-0

[Event "DEM U14"]
[Site "Willingen"]
[Date "2006.06.09"]
[Round "9.8"]
[White "Raykhman, Alexander"]
[Black "Specht, Christian"]
[Result "1-0"]
[WhiteElo "1955"]
[BlackElo "1933"]
[PlyCount "85"]
[EventDate "2006.??.??"]
[EventType "swiss"]
[EventRounds "9"]
[EventCountry "GER"]

1. d4 f5 2. Nf3 Nf6 3. g3 g6 4. Bg2 Bg7 5. O-O O-O 6. b4 d6 7. Bb2 Qe8 8. d5
Qb5 9. Nd4 Qxb4 10. Qc1 Na6 11. c4 Nc5 12. Nd2 Qa4 13. Nb5 a6 14. Nxc7 Rb8 15.
Nb3 Nxb3 16. axb3 Qxb3 17. Bd4 Ne8 18. Rb1 Qa4 19. Ba7 Nxc7 20. Bxb8 Ne8 21. c5
dxc5 22. Qxc5 Qd7 23. Rfc1 Nd6 24. Bxd6 exd6 25. Qc7 Qe8 26. e3 Qe5 27. Rb6 g5
28. Rxd6 f4 29. exf4 gxf4 30. Rd8 Qxc7 31. Rxf8+ Bxf8 32. Rxc7 Bf5 33. Rxb7
fxg3 34. hxg3 a5 35. Ra7 Bb4 36. d6 Bxd6 37. Rxa5 Bg6 38. Ra7 Kf8 39. Bd5 Be7
40. Kg2 h5 41. f4 Bf5 42. Bf3 Bg6 43. Ra5 1-0

[Event "DEM U14"]
[Site "Willingen"]
[Date "2006.06.09"]
[Round "9.9"]
[White "Colpe, Malte"]
[Black "Korman, Maxim"]
[Result "1/2-1/2"]
[WhiteElo "1960"]
[BlackElo "2036"]
[PlyCount "84"]
[EventDate "2006.??.??"]
[EventType "swiss"]
[EventRounds "9"]
[EventCountry "GER"]

1. d4 Nf6 2. Nf3 d5 3. c4 e6 4. Bg5 c6 5. Qc2 Qa5+ 6. Bd2 Qc7 7. cxd5 exd5 8.
Nc3 Be7 9. Bg5 Nbd7 10. e3 O-O 11. Bd3 Qd8 12. O-O Re8 13. h3 Nf8 14. Ne5 N6d7
15. Nxd7 Qxd7 16. Bf4 Bd6 17. Bxd6 Qxd6 18. Rad1 Qh6 19. e4 dxe4 20. Bxe4 Qg5
21. f4 Qa5 22. Kh1 f5 23. Bf3 Bd7 24. d5 Kh8 25. Rd4 Qb6 26. Rfd1 c5 27. R4d2
Qd6 28. g3 Re3 29. Rd3 Re7 30. a4 b6 31. b3 Rae8 32. Nb1 Bc8 33. Na3 Ba6 34.
Nc4 Bxc4 35. bxc4 Nd7 36. R3d2 g6 37. Kg2 Nf6 38. Rf1 Kg7 39. Rff2 Kf7 40. Rfe2
Rxe2+ 41. Rxe2 Rxe2+ 42. Qxe2 Nd7 1/2-1/2

[Event "DEM U18w"]
[Site "Willingen"]
[Date "2006.06.09"]
[Round "9.8"]
[White "Rath, Alina"]
[Black "Tischer, Jana"]
[Result "0-1"]
[WhiteElo "1853"]
[BlackElo "1835"]
[PlyCount "48"]
[EventDate "2006.??.??"]
[EventType "swiss"]
[EventRounds "9"]
[EventCountry "GER"]

1. c4 f5 2. Nc3 Nf6 3. g3 g6 4. Bg2 Bg7 5. d3 O-O 6. e4 d6 7. Nge2 e5 8. O-O
Nc6 9. f4 Kh8 10. Rb1 h5 11. h3 h4 12. exf5 Bxf5 13. Kh2 Nb4 14. Ne4 Bxe4 15.
dxe4 Nh5 16. Qb3 Nc6 17. f5 hxg3+ 18. Nxg3 Nd4 19. Qd3 Nxg3 20. Kxg3 gxf5 21.
Kh2 f4 22. Qd1 Qh4 23. Qd3 Bh6 24. b3 Rg8 0-1

[Event "DEM U10"]
[Site "Willingen"]
[Date "2006.06.09"]
[Round "11.1"]
[White "Osmanodja, Filiz"]
[Black "Moritz, Aron"]
[Result "1-0"]
[WhiteElo "1609"]
[BlackElo "1237"]
[PlyCount "73"]
[EventDate "2006.??.??"]
[EventType "swiss"]
[EventRounds "11"]
[EventCountry "GER"]

1. e4 c5 2. Nf3 d6 3. d4 cxd4 4. Nxd4 Nf6 5. Nc3 a6 6. Bg5 e6 7. f4 Be7 8. Qf3
Qb6 9. O-O-O Nbd7 10. Bc4 Nc5 11. e5 dxe5 12. fxe5 Nd5 13. Bxe7 Nxe7 14. Rhf1
O-O 15. Ne4 Ng6 16. Be2 Nxe5 17. Qf4 Ng6 18. Qe3 Nxe4 19. Qxe4 Qa5 20. Kb1 Qc7
21. h4 Rb8 22. h5 Ne7 23. g4 b5 24. Bd3 g6 25. hxg6 Nxg6 26. Qh1 Re8 27. Qh6
Bb7 28. Rf2 Qe5 29. Nf3 Qg7 30. Qh5 Nf4 31. Qh4 Red8 32. Ng5 f6 33. Bxh7+ Kf8
34. Nxe6+ Nxe6 35. Rxf6+ Ke7 36. Rg6+ Ke8 37. Rxe6+ 1-0

[Event "DEM U10"]
[Site "Willingen"]
[Date "2006.06.09"]
[Round "11.2"]
[White "Xu, Xianliang"]
[Black "Noe, Christopher"]
[Result "1/2-1/2"]
[WhiteElo "1542"]
[BlackElo "1555"]
[PlyCount "81"]
[EventDate "2006.??.??"]
[EventType "swiss"]
[EventRounds "11"]
[EventCountry "GER"]

1. e4 e5 2. f4 Bc5 3. Nf3 d6 4. c3 Nc6 5. d4 exd4 6. cxd4 Bb4+ 7. Bd2 Bxd2+ 8.
Nbxd2 Nf6 9. Bc4 Bg4 10. Qc2 O-O 11. O-O Bxf3 12. Nxf3 h6 13. Rae1 d5 14. exd5
Nxd5 15. Bxd5 Qxd5 16. Qc5 Rad8 17. Qxd5 Rxd5 18. Rd1 Rfd8 19. Rfe1 Kf8 20. Kf2
Nxd4 21. Nxd4 Rxd4 22. Rxd4 Rxd4 23. Ke3 Rd7 24. Rc1 Ke7 25. Ke4 Kf6 26. Rc2 c6
27. b3 g6 28. g3 Ke6 29. Re2 f5+ 30. Kf3+ Kf7 31. Kf2 g5 32. Kf3 g4+ 33. Kf2 h5
34. Kg2 b6 35. Rc2 c5 36. Re2 Kf6 37. Kf2 Kf7 38. Kg2 Kf6 39. Kf2 Kf7 40. Kg2
Kf6 41. Kf2 1/2-1/2

[Event "DEM U10"]
[Site "Willingen"]
[Date "2006.06.09"]
[Round "11.3"]
[White "Grewenig, Jan"]
[Black "Galkin, Wladislaw"]
[Result "0-1"]
[WhiteElo "1409"]
[BlackElo "1457"]
[PlyCount "122"]
[EventDate "2006.??.??"]
[EventType "swiss"]
[EventRounds "11"]
[EventCountry "GER"]

1. e4 c5 2. Nf3 e6 3. d4 cxd4 4. Nxd4 Qb6 5. Nc3 Bc5 6. Na4 Qa5+ 7. c3 Bxd4 8.
Qxd4 Nf6 9. Be2 Nc6 10. Qd1 Nxe4 11. O-O O-O 12. Bd3 Nf6 13. b4 Qc7 14. Bg5 Nd5
15. Qh5 f5 16. Rfe1 Ne5 17. Bf1 Nf7 18. Bh4 Nf4 19. Qf3 Ng6 20. Qh3 Nxh4 21.
Qxh4 d6 22. c4 Qd8 23. Qd4 Qf6 24. Qd3 Rd8 25. Qc2 d5 26. Rad1 b6 27. c5 Bd7
28. cxb6 Bxa4 29. Qxa4 axb6 30. Qb3 Ra7 31. Rc1 Ne5 32. f4 Ng4 33. h3 Qd4+ 34.
Kh1 Nf2+ 35. Kh2 Qxf4+ 36. g3 Qd6 37. b5 Ra3 38. Rc6 Rxb3 39. Rxd6 Rxd6 40.
axb3 d4 41. Kg2 Ne4 42. Bd3 Nc5 43. Bc4 d3 44. Kf3 d2 45. Rd1 Ne4 46. Ke3 Kf8
47. Bd3 Nc5 48. Rxd2 Rxd3+ 49. Rxd3 Nxd3 50. Kxd3 Ke7 51. Kd4 Kd6 52. b4 h5 53.
h4 g6 54. Kd3 Kd5 55. Ke3 e5 56. Kd3 e4+ 57. Ke3 Kc4 58. Kf4 Kxb4 59. Kg5 e3
60. Kxg6 e2 61. Kxf5 e1=Q 0-1

[Event "DEM U10"]
[Site "Willingen"]
[Date "2006.06.09"]
[Round "11.11"]
[White "Scheel, Henrik"]
[Black "Nöttling, Dominik"]
[Result "0-1"]
[WhiteElo "1173"]
[BlackElo "1503"]
[PlyCount "104"]
[EventDate "2006.??.??"]
[EventType "swiss"]
[EventRounds "11"]
[EventCountry "GER"]

1. e4 e5 2. Nf3 Nc6 3. Bc4 Bc5 4. Nc3 Nf6 5. d3 d6 6. Bg5 Be6 7. Bb3 Qd7 8.
Bxe6 fxe6 9. Bd2 O-O-O 10. Qe2 Rhe8 11. O-O-O d5 12. exd5 exd5 13. a3 e4 14.
dxe4 Nxe4 15. Nxe4 Rxe4 16. Qf1 h6 17. Bc3 d4 18. Bd2 Qe6 19. Kb1 Ne5 20. Nxe5
Qxe5 21. f3 Re2 22. Re1 Re8 23. g3 Rxe1+ 24. Qxe1 Qxe1+ 25. Rxe1 Rxe1+ 26. Bxe1
Kd7 27. Kc1 Ke6 28. g4 Kd5 29. Kd2 Bd6 30. h3 Bf4+ 31. Kd1 c5 32. b3 b5 33. Ke2
c4 34. bxc4+ bxc4 35. Bb4 Bd6 36. Bxd6 Kxd6 37. f4 g6 38. Kd2 Kd5 39. h4 Ke4
40. g5 hxg5 41. fxg5 Kf4 42. h5 Kxg5 43. hxg6 Kxg6 44. c3 d3 45. Kc1 Kf5 46.
Kd2 Ke4 47. a4 a5 48. Kc1 Ke3 49. Kd1 d2 50. Kc2 Ke2 51. Kb2 d1=Q 52. Ka2 Qxa4+
0-1

[Event "DEM U10"]
[Site "Willingen"]
[Date "2006.06.09"]
[Round "11.28"]
[White "Michalik, Marina"]
[Black "Müller, Alexandra"]
[Result "1/2-1/2"]
[WhiteElo "834"]
[BlackElo "1149"]
[PlyCount "130"]
[EventDate "2006.??.??"]
[EventType "swiss"]
[EventRounds "11"]
[EventCountry "GER"]

1. e4 e5 2. Nf3 Nf6 3. Nc3 Nc6 4. d4 exd4 5. Nxd4 Bc5 6. Nxc6 bxc6 7. g3 d5 8.
exd5 cxd5 9. Bg2 c6 10. O-O O-O 11. Re1 Be6 12. Bd2 Qd7 13. Ne2 Rfe8 14. Nf4
Bg4 15. Qc1 Rxe1+ 16. Qxe1 Qe8 17. Qxe8+ Rxe8 18. Re1 Rxe1+ 19. Bxe1 Kf8 20.
Ba5 Bb6 21. Bxb6 axb6 22. Kf1 Ke7 23. Ke1 Kd6 24. Kd2 Bf5 25. Ke3 Bxc2 26. Kd2
Be4 27. f3 Bf5 28. b4 Be6 29. a4 Nd7 30. Bf1 h6 31. Ba6 g5 32. Nxe6 fxe6 33.
Ke3 Nf6 34. a5 bxa5 35. bxa5 Nd7 36. h4 e5 37. f4 gxf4+ 38. gxf4 exf4+ 39. Kxf4
Ne5 40. Kf5 Nc4 41. Bxc4 dxc4 42. a6 Kc7 43. Ke4 Kb6 44. Kd4 Kxa6 45. Kxc4 Kb6
46. Kb4 c5+ 47. Kc4 Kc6 48. Kd3 Kd5 49. Kc3 c4 50. Kd2 Kd4 51. Kc2 c3 52. Kd1
Kd3 53. h5 Ke4 54. Kc2 Kf5 55. Kxc3 Kg5 56. Kd3 Kxh5 57. Ke3 Kg4 58. Kf2 Kh3
59. Kg1 h5 60. Kh1 Kg4 61. Kh2 h4 62. Kg2 h3+ 63. Kh1 Kg3 64. Kg1 Kg4 65. Kh2
Kh4 1/2-1/2

[Event "DEM U10"]
[Site "Willingen"]
[Date "2006.06.09"]
[Round "11.30"]
[White "Rahimi, Rozafa"]
[Black "Imgrunt, Philipp"]
[Result "1-0"]
[WhiteElo "1082"]
[BlackElo "982"]
[PlyCount "129"]
[EventDate "2006.??.??"]
[EventType "swiss"]
[EventRounds "11"]
[EventCountry "GER"]

1. e4 e5 2. f4 exf4 3. Nf3 Nc6 4. d4 f5 5. exf5 d5 6. Bb5 Bd6 7. Ne5 Bxe5 8.
dxe5 Bxf5 9. O-O Nge7 10. Bxf4 a6 11. Bd3 O-O 12. Bg5 Bxd3 13. Rxf8+ Qxf8 14.
Qxd3 Nxe5 15. Qd4 N5c6 16. Qg4 Ne5 17. Qe6+ Nf7 18. Bxe7 Qe8 19. Nc3 Rd8 20.
Re1 Rd7 21. Bb4 Qxe6 22. Rxe6 Ng5 23. Re7 Rxe7 24. Bxe7 d4 25. Bxg5 dxc3 26.
bxc3 h6 27. Bf4 c6 28. Kf2 Kf7 29. Ke3 Ke6 30. Kd4 g5 31. Bg3 b6 32. Bc7 b5 33.
Kc5 Kd7 34. Kb6 a5 35. Be5 a4 36. Bg7 h5 37. h3 g4 38. hxg4 hxg4 39. a3 Kd6 40.
Bh6 Kd5 41. Be3 Kd6 42. Ka5 Kd5 43. Kb4 Kd6 44. c4 bxc4 45. Kxc4 Kc7 46. Kb4
Kb7 47. Kxa4 Ka6 48. c4 Kb7 49. Ka5 Kc7 50. Ka6 Kc8 51. Kb6 Kb8 52. a4 Kc8 53.
Kxc6 Kb8 54. Kb6 Kc8 55. a5 Kb8 56. a6 g3 57. c5 Ka8 58. c6 Kb8 59. c7+ Kc8 60.
a7 Kd7 61. a8=Q Ke6 62. c8=Q+ Kf7 63. Qac6 Kg7 64. Q8e8 Kh7 65. Qcg6# 1-0

[Event "DEM U10"]
[Site "Willingen"]
[Date "2006.06.09"]
[Round "11.31"]
[White "Preiß, Vincent"]
[Black "Spiegelberg, Silvia"]
[Result "1/2-1/2"]
[WhiteElo "1289"]
[BlackElo "1046"]
[PlyCount "49"]
[EventDate "2006.??.??"]
[EventType "swiss"]
[EventRounds "11"]
[EventCountry "GER"]

1. d4 d5 2. c4 c6 3. e3 Nf6 4. Nf3 e6 5. c5 Nbd7 6. Bd3 Be7 7. O-O O-O 8. Nc3
Qc7 9. Qc2 e5 10. Nh4 e4 11. Be2 b6 12. b4 g6 13. g3 a5 14. cxb6 Nxb6 15. bxa5
Rxa5 16. f3 Bh3 17. Ng2 Bd6 18. fxe4 Nxe4 19. Nxe4 dxe4 20. Qxe4 Bf5 21. Qf3
Be6 22. a3 Rf5 23. Nf4 g5 24. Nxe6 fxe6 25. Qg2 1/2-1/2

[Event "DEM U10"]
[Site "Willingen"]
[Date "2006.06.09"]
[Round "11.36"]
[White "Schumacher, Wendy"]
[Black "Schreiber, Kevin"]
[Result "1-0"]
[WhiteElo "880"]
[BlackElo "1156"]
[PlyCount "67"]
[EventDate "2006.??.??"]
[EventType "swiss"]
[EventRounds "11"]
[EventCountry "GER"]

1. d4 d5 2. c3 Nf6 3. Nf3 e6 4. Bf4 Bd6 5. Bxd6 Qxd6 6. e3 O-O 7. Nbd2 Nbd7 8.
Bd3 e5 9. e4 dxe4 10. Nxe4 Nxe4 11. Bxe4 Nf6 12. Qd3 Nxe4 13. Qxe4 exd4 14.
Nxd4 Bd7 15. O-O Rfe8 16. Qxb7 Reb8 17. Qf3 c5 18. Nf5 Bxf5 19. Qxf5 Rxb2 20.
Rfd1 Qc7 21. Rd7 Qxd7 22. Qxd7 Rab8 23. Qf5 Rd2 24. Re1 Rbd8 25. Qg4 Kf8 26.
Qa4 R2d7 27. h3 Rd3 28. Qc2 Rd2 29. Qe4 R2d7 30. Qe5 Rc8 31. Qf5 Rcc7 32. Qxh7
f6 33. Qh8+ Kf7 34. Qe8# 1-0

[Event "DEM U10"]
[Site "Willingen"]
[Date "2006.06.09"]
[Round "11.45"]
[White "Neumann, Florian"]
[Black "Garbere, Diana"]
[Result "1-0"]
[WhiteElo "1037"]
[BlackElo "769"]
[PlyCount "67"]
[EventDate "2006.??.??"]
[EventType "swiss"]
[EventRounds "11"]
[EventCountry "GER"]

1. e4 e5 2. Nf3 Nc6 3. Bc4 Be7 4. O-O Nf6 5. Nc3 d6 6. d3 h6 7. Be3 Be6 8. Bxe6
fxe6 9. d4 Qd7 10. dxe5 dxe5 11. Qxd7+ Nxd7 12. Rad1 O-O-O 13. a3 g5 14. b4 g4
15. b5 Na5 16. Nd2 Bxa3 17. Bxa7 Bc5 18. Ra1 Bb4 19. Ndb1 Rh7 20. Be3 Rdh8 21.
Rd1 h5 22. Rd3 h4 23. Nd2 g3 24. h3 gxf2+ 25. Kxf2 Rf8+ 26. Ke2 Rg7 27. Nb3
Rxg2+ 28. Ke1 Nc5 29. Bxc5 Bxc5 30. Rxa5 Rg1+ 31. Kd2 Rf2+ 32. Ne2 Bb4+ 33. Ke3
Be1 34. Ra8# 1-0

[Event "DEM U14"]
[Site "Willingen"]
[Date "2006.06.09"]
[Round "9.3"]
[White "Graf, Felix"]
[Black "Tkachuk, Konstantyn"]
[Result "1-0"]
[WhiteElo "2209"]
[BlackElo "1987"]
[PlyCount "95"]
[EventDate "2006.??.??"]
[EventType "swiss"]
[EventRounds "9"]
[EventCountry "GER"]

1. d4 Nf6 2. c4 g6 3. Nc3 Bg7 4. e4 d6 5. f3 O-O 6. Be3 e5 7. d5 Ne8 8. Qd2 f5
9. O-O-O f4 10. Bf2 a5 11. Bd3 Na6 12. Nge2 Bf6 13. Kb1 Nc5 14. Bc2 g5 15. g4
fxg3 16. hxg3 Rf7 17. Rdg1 Qe7 18. f4 Bg4 19. f5 Bg7 20. Nc1 h6 21. Bd1 Nf6 22.
Bxc5 dxc5 23. Bxg4 Nxg4 24. Nd3 b6 25. Nf2 Nxf2 26. Qxf2 Kh7 27. Rh5 Rh8 28.
Rgh1 Kg8 29. Nd1 Rf6 30. Ne3 Kf7 31. Ng4 Qd6 32. Qe2 Qe7 33. Nxf6 Kxf6 34. R5h2
Qf7 35. Kc2 Qe8 36. Kb3 Bf8 37. Qh5 Qxh5 38. Rxh5 Rh7 39. Ka4 Kg7 40. Kb5 Bd6
41. Kc6 Rh8 42. Kd7 Rh7 43. Ke6 Rh8 44. f6+ Kg6 45. f7 Rh7 46. g4 Rh8 47. Rf1
Rf8 48. Rf6+ 1-0

[Event "DEM U16w"]
[Site "Willingen"]
[Date "2006.06.09"]
[Round "9.10"]
[White "Voss, Janine"]
[Black "Benzen, Marthe"]
[Result "0-1"]
[WhiteElo "1628"]
[BlackElo "1573"]
[PlyCount "88"]
[EventDate "2006.??.??"]
[EventType "swiss"]
[EventRounds "9"]
[EventCountry "GER"]

1. e4 e5 2. Nf3 Nc6 3. d4 exd4 4. Nxd4 Bc5 5. Be3 Qf6 6. c3 Nge7 7. Bc4 Ne5 8.
Be2 Qg6 9. Bf3 O-O 10. O-O d6 11. Bh5 Qxe4 12. Nd2 Qd3 13. Re1 Bxd4 14. Bxd4
N7c6 15. Be3 Nc4 16. Be2 Nxe3 17. Bxd3 Nxd1 18. Raxd1 Ne5 19. Be4 Rb8 20. Nb3
Nc4 21. Re2 c6 22. Rde1 Be6 23. Nd4 Rbe8 24. f4 Bd7 25. b3 Nb6 26. c4 Kh8 27.
h3 a5 28. a4 Na8 29. Nf5 Rxe4 30. Rxe4 Bxf5 31. Re7 Bc8 32. Rd1 d5 33. c5 g6
34. Kf2 Kg7 35. Rc1 Rd8 36. g4 Kf8 37. Rce1 d4 38. R1e5 d3 39. Ke1 d2+ 40. Kd1
h5 41. f5 hxg4 42. fxg6 Be6 43. Rxb7 gxh3 44. g7+ Kg8 0-1

[Event "DEM U16w"]
[Site "Willingen"]
[Date "2006.06.09"]
[Round "9.12"]
[White "Dauer, Carolin"]
[Black "Reh, Theresa"]
[Result "1/2-1/2"]
[WhiteElo "1572"]
[BlackElo "1840"]
[PlyCount "66"]
[EventDate "2006.??.??"]
[EventType "swiss"]
[EventRounds "9"]
[EventCountry "GER"]

1. e4 c5 2. Nc3 g6 3. g3 Bg7 4. Bg2 d6 5. f4 e6 6. d3 Nc6 7. Nf3 Nge7 8. O-O
O-O 9. Be3 Nd4 10. e5 Nef5 11. Bf2 Nxf3+ 12. Qxf3 Nd4 13. Qd1 dxe5 14. fxe5
Bxe5 15. Ne4 Nf5 16. c3 c4 17. dxc4 Qc7 18. Qe2 Nd6 19. Nxd6 Bxd6 20. Rac1 Bd7
21. Rfd1 Bc6 22. b3 Bxg2 23. Kxg2 b6 24. Rd3 Rfd8 25. Rcd1 Bf8 26. Bd4 Bg7 27.
Bxg7 Kxg7 28. Qd2 Qc6+ 29. Kg1 Rxd3 30. Qxd3 Rc8 31. Qd4+ Kg8 32. Rd3 Qc7 33.
Qd7 Qc5+ 1/2-1/2

[Event "DEM U16w"]
[Site "Willingen"]
[Date "2006.06.09"]
[Round "9.13"]
[White "Ludwig, Lisa"]
[Black "Nekrassova, Ekatherina"]
[Result "1/2-1/2"]
[WhiteElo "1421"]
[BlackElo "1502"]
[PlyCount "35"]
[EventDate "2006.??.??"]
[EventType "swiss"]
[EventRounds "9"]
[EventCountry "GER"]

1. Nc3 c6 2. d4 d5 3. Bf4 Nf6 4. Nf3 e6 5. e3 Bd6 6. Bxd6 Qxd6 7. Bd3 Nbd7 8.
Qd2 a6 9. O-O O-O 10. Rfe1 e5 11. dxe5 Nxe5 12. Nxe5 Qxe5 13. Rab1 Bf5 14. Bxf5
Qxf5 15. Qd3 Qxd3 16. cxd3 Rfe8 17. h3 Nd7 18. d4 1/2-1/2

[Event "DEM U18w"]
[Site "Willingen"]
[Date "2006.06.09"]
[Round "9.12"]
[White "Schott, Peggy"]
[Black "Schöttler, Katharina"]
[Result "1/2-1/2"]
[WhiteElo "1600"]
[BlackElo "1655"]
[PlyCount "32"]
[EventDate "2006.??.??"]
[EventType "swiss"]
[EventRounds "9"]
[EventCountry "GER"]

1. d4 d5 2. c4 e6 3. Nc3 c6 4. Nf3 Nf6 5. Bg5 Nbd7 6. e3 Be7 7. Bd3 dxc4 8.
Bxc4 b5 9. Bd3 a6 10. a3 c5 11. Bc2 Bb7 12. O-O h6 13. Bh4 Nd5 14. Bxe7 Qxe7
15. Nxd5 Bxd5 16. dxc5 Nxc5 1/2-1/2

[Event "DEM U10"]
[Site "Willingen"]
[Date "2006.06.09"]
[Round "11.20"]
[White "Pfadenhauer, Johannes"]
[Black "Hellwig, Immo"]
[Result "1-0"]
[WhiteElo "1281"]
[BlackElo "1074"]
[PlyCount "29"]
[EventDate "2006.??.??"]
[EventType "swiss"]
[EventRounds "11"]
[EventCountry "GER"]

1. d4 d5 2. Nf3 c6 3. g3 e6 4. Bg2 f5 5. Bf4 Nf6 6. Nbd2 Be7 7. e3 O-O 8. O-O
Nbd7 9. Rc1 Qe8 10. Ne5 Nh5 11. Ndf3 Nxf4 12. exf4 Qh5 13. Nxd7 Bxd7 14. Ne5
Bc8 15. Qxh5 1-0

[Event "DEM U10"]
[Site "Willingen"]
[Date "2006.06.09"]
[Round "11.4"]
[White "Möhn, Hans"]
[Black "Blübaum, Matthias"]
[Result "1/2-1/2"]
[WhiteElo "1580"]
[BlackElo "1475"]
[PlyCount "99"]
[EventDate "2006.??.??"]
[EventType "swiss"]
[EventRounds "11"]
[EventCountry "GER"]

1. e4 e6 2. d4 d5 3. Nc3 Bb4 4. e5 Ne7 5. a3 Bxc3+ 6. bxc3 c5 7. Nf3 b6 8. Be3
Qc7 9. h4 Ba6 10. Bxa6 Nxa6 11. h5 h6 12. Rh3 Nf5 13. Nh4 Nxe3 14. Rxe3 Qe7 15.
Qg4 Qg5 16. Rg3 Qxg4 17. Rxg4 Rg8 18. f4 Rc8 19. Kd2 cxd4 20. cxd4 Rc4 21. c3
Nc7 22. Rb1 Ra4 23. Rb3 Ra5 24. Kc2 Ke7 25. f5 Ra4 26. fxe6 fxe6 27. Ng6+ Ke8
28. Kb2 Na6 29. Nf4 Ke7 30. Rg6 Nc7 31. Rb4 Rxb4+ 32. axb4 Kf7 33. Kb3 b5 34.
Nd3 Na6 35. Nf4 Nc7 36. Kc2 Rc8 37. Kd3 Re8 38. g4 Rh8 39. Ke3 Rc8 40. g5 hxg5
41. Rxg5 Rh8 42. Rg6 a6 43. Kf3 Rh7 44. Kg4 Rh8 45. Kg5 Rh7 46. h6 Rxh6 47.
Rxh6 gxh6+ 48. Kxh6 Na8 49. Nd3 Nb6 50. Nc5 1/2-1/2

[Event "DEM U10"]
[Site "Willingen"]
[Date "2006.06.09"]
[Round "11.17"]
[White "Weber, Clemens"]
[Black "Nitsche-Hahn, Raphael"]
[Result "0-1"]
[WhiteElo "1174"]
[BlackElo "1392"]
[PlyCount "112"]
[EventDate "2006.??.??"]
[EventType "swiss"]
[EventRounds "11"]
[EventCountry "GER"]

1. e4 c5 2. Nf3 Nc6 3. Bb5 g6 4. O-O Bg7 5. Nc3 Nf6 6. d3 O-O 7. Be3 d6 8. h3
Bd7 9. Qd2 a6 10. Bxc6 Bxc6 11. Bh6 Qc7 12. Bxg7 Kxg7 13. Nh4 Qd7 14. f4 e6 15.
f5 exf5 16. exf5 d5 17. Qg5 Nh5 18. f6+ Kg8 19. Qh6 Qd6 20. Ne2 Nxf6 21. Rf3
Nh5 22. Nf5 Qe5 23. Neg3 Nxg3 24. Nxg3 d4 25. Qf4 Qxf4 26. Rxf4 Rae8 27. Rff1
Re3 28. Nh1 Rfe8 29. Nf2 Rg3 30. Ne4 Bxe4 31. dxe4 Rxe4 32. Rfe1 Rge3 33. Rxe3
dxe3 34. Kf1 f5 35. g3 g5 36. Ke2 f4 37. gxf4 gxf4 38. Rd1 Re6 39. Rf1 Rf6 40.
h4 h5 41. c4 Kf7 42. b3 Ke6 43. Kd3 Kf5 44. Rg1 Rg6 45. Rxg6 Kxg6 46. Ke2 Kf5
47. Kf3 Ke5 48. a3 Kd4 49. Ke2 Ke4 50. b4 b6 51. bxc5 bxc5 52. a4 f3+ 53. Ke1
e2 54. Kd2 Kf4 55. Ke1 Ke3 56. a5 f2# 0-1